- Decroly, Ovide,
Entry Nombre Personal
001 - NUMERO DE CONTROL
- campo de control: 28067
003 - IDENTIFICADOR DE NUMERO DE CONTROL
- campo de control: DLC
005 - FECHA Y HORA DE LA ÜLTIMA TRANSACCIÓN
- campo de control: 20221025153443.0
008 - DATOS DE LONGITUD FIJA
- campo de control de longitud fija: 821013n| adannaabn |a aaa
010 ## - NÚMERO DE CONTROL DE LA BIBLIOTECA DEL CONGRESO
- Número de control LC: n 82106710
035 ## - NUMERO DE CONTROL
- Número de control: (OCoLC)oca00803187
040 ## - FUENTE DE CATALOGACIÓN
- Agencia original de catalogación: DLC
- Lenguaje de catalogación: spa
- Agencia de transcripción: DLC
- Agencia que lo modifica: OCoLC
- Agencia que lo modifica: DLC
- Agencia que lo modifica: MX-MxUPN
046 ## - FECHAS CON CODIFICACIÓN ESPECIAL
- Fecha de nacimiento: 1871
- Fecha de muerte: 1932
100 1# - ENCABEZAMIENTO - NOMBRE PERSONAL
- Nombre personal: Decroly, Ovide,
- Fechas asociadas con el nombre: 1871-1932
400 1# - VEÁSE - NOMBRE DE PERSONA
- Personal name: Decroly, Jean-Ovide,
- Dates associated with a name: 1871-1932
400 1# - VEÁSE - NOMBRE DE PERSONA
- Personal name: Decroly, O.,
- Dates associated with a name: 1871-1932
670 ## - FUENTE EN LA QUE SE LOCALIZARON DATOS
- Cita de la fuente: Les applications américaines de la psychologie à l'organisation humaine et ... 1923.
670 ## - FUENTE EN LA QUE SE LOCALIZARON DATOS
- Cita de la fuente: Ovide Decrolys Pädagogik im Vergleich zur heutigen lebensbezogenen Pädagogik, 2011
670 ## - FUENTE EN LA QUE SE LOCALIZARON DATOS
- Cita de la fuente: Wikipedia, Dec. 3, 2020
- Información localizada: (under Ovide Decroly: Jean-Ovide Decroly, b. July 23, 1871, d. Sept. 10, 1932) was a Belgian teacher and psychologist.
670 ## - FUENTE EN LA QUE SE LOCALIZARON DATOS
- Cita de la fuente: aIntroduction a la pédagogie quantitative : éléments de statistique appliqués aux problemes pédagogiques, 1929:
- Información localizada: portada (O. Decroly)
902 ## - CATALOGADOR
- Catalogador: Víctor Ruiz/251022
